Cisco switching black book (Record no. 170111)

000 -LEADER
fixed length control field 00329nam a2200109Ia 4500
008 - FIXED-LENGTH DATA ELEMENTS--GENERAL INFORMATION
fixed length control field 220217s9999||||xx |||||||||||||| ||und||
100 ## - MAIN ENTRY--PERSONAL NAME
Personal name Odam, Seam Nottenghen,Hanson
9 (RLIN) 2841
245 #0 - TITLE STATEMENT
Title Cisco switching black book
260 ## - PUBLICATION, DISTRIBUTION, ETC.
Place of publication, distribution, etc. Dream tech publications
Name of publisher, distributor, etc. New Delhi
Date of publication, distribution, etc. 2002
300 ## - PHYSICAL DESCRIPTION
Extent XIX,623
Other physical details 399
650 ## - SUBJECT ADDED ENTRY--TOPICAL TERM
Topical term or geographic name entry element COMPUTER NETWORK
Holdings
Withdrawn status Lost status Damaged status Not for loan Collection code Home library Current library Shelving location Date acquired Barcode Date last seen Price effective from Koha item type
        Computer Science and Engineering Central Library Central Library Book Cart 02/18/2022 5300 02/18/2022 02/18/2022 Books

Powered by Koha